Aportación a la Historia política de la guerra por la independencia de 1808 (Record no. 84425)

MARC details
000 -LEADER
campo de control de longitud fija 00810nam a2200193 i 4500
001 - NÚMERO DE CONTROL
campo de control 84425
003 - IDENTIFICADOR DE NÚMERO DE CONTROL
campo de control ES-MaACL
005 - FECHA Y HORA DE LA ÚLTIMA TRANSACCIÓN
campo de control 20250531063028.0
007 - CAMPO FIJO DE DESCRIPCIÓN FÍSICA--INFORMACIÓN GENERAL
campo de control de longitud fija t|
008 - DATOS DE LONGITUD FIJA--INFORMACIÓN GENERAL
campo de control de longitud fija 041122q1950 zzz ||||1| spa d
100 1# - ENTRADA PRINCIPAL--NOMBRE DE PERSONA
Nombre de persona Jiménez de Gregorio, Fernando,
Fechas asociadas al nombre 1911-2012
9 (RLIN) 66505
245 10 - MENCIÓN DEL TÍTULO
Título Aportación a la Historia política de la guerra por la independencia de 1808
Resto del título : respuesta de Córdoba a la Junta Suprema Central /
Mención de responsabilidad, etc. por Fernando Jiménez de Gregorio.
260 ## - PUBLICACIÓN, DISTRIBUCIÓN, ETC.
Lugar de publicación, distribución, etc. [S.l. :
Nombre del editor, distribuidor, etc. s.n.,
Fecha de publicación, distribución, etc. 1950?]
300 ## - DESCRIPCIÓN FÍSICA
Extensión 6 h. ;
Dimensiones 25 cm.
500 ## - NOTA GENERAL
Nota general Es separata de: Nº 56 del Boletín de la Real Academía de Ciencias, Bellas Letras y Nobles Artes de Córdoba.
651 #4 - PUNTO DE ACCESO ADICIONAL DE MATERIA--NOMBRE GEOGRÁFICO
Nombre geográfico España-
Subdivisión general Historia-
Subdivisión cronológica 1808-1814, Guerra de la Independencia
9 (RLIN) 8244
852 ## - LOCALIZACIÓN
Ubicación ES-MaACL
Número de control de estantería 1917-F-9
Sublocalización o colección R.30832
Holdings
Estatus retirado Estado de pérdida Estado de daño No para préstamo Colección Biblioteca de origen Biblioteca actual Ubicación en estantería Fecha de adquisición Fuente de adquisición Total de préstamos Signatura topográfica completa Código de barras Visto por última vez Precio de reemplazo Tipo de ítem Koha
        Colección de folletos Biblioteca del Ateneo de Madrid Biblioteca del Ateneo de Madrid Depósito folletos 17/01/2008     1917-F-9 1088228 23/02/2023 23/02/2023 Folleto